| 000 | 02090nam a22002537a 4500 | ||
|---|---|---|---|
| 999 |
_c58541 _d58541 |
||
| 003 | Ge_BSU | ||
| 005 | 20220531132430.0 | ||
| 008 | 220531s2018 ge ||||| |||| 00| 0 geo d | ||
| 020 | _a9789941468650 | ||
| 041 | _ageo | ||
| 080 | _a37(37) გ-20 | ||
| 245 |
_aგანათლება ძველ რომში / _c იამზე გაგუა, ქეთევან გარდაფხაძე, თამარ თარხნიშვილი, მანანა ფხაკაძე ; რედაქტორი თამარ ჭეიშვილი ; გარეკანის დიზაინერი ალექსანდრე ჯიქურიძე ; ივანე ჯავახიშვილის სახ. თბილისის სახელმწ. უნ-ტი, კლასიკური ფილოლოგიის, ბიზანტინისტიკისა და ნეოგრეცისტიკის ინ-ტი. |
||
| 264 |
_aთბილისი : _bლოგოსი, _c2018. |
||
| 300 |
_a180 გვ. ; _b20 სმ. |
||
| 501 | _aსახელთა საძიებელი: გვ. 176-179. | ||
| 653 | _aგანათლება ძველ რომში. | ||
| 700 |
_a გაგუა, იამზე _eავტორი _913897 |
||
| 700 |
_aგარდაფხაძე, ქეთევან _eავტორი _913898 |
||
| 700 |
_aთარხნიშვილი, თამარ _eავტორი _913899 |
||
| 700 |
_aფხაკაძე, მანანა _eავტორი _98375 |
||
| 700 |
_aჯიქურიძე, ალექსანდრე _eგარეკანის დიზაინერი _913900 |
||
| 710 |
_aივანე ჯავახიშვილის სახ. თბილისის სახელმწ. უნ-ტი. _bკლასიკური ფილოლოგიის, ბიზანტინისტიკისა და ნეოგრეცისტიკის ინ-ტი. _913901 |
||
| 942 |
_2udc _cBK |
||